| 000 | 00583nam a2200193Ia 4500 | ||
|---|---|---|---|
| 003 | GCL | ||
| 008 | 140319s9999 xx 000 0 ara d | ||
| 040 |
_aGCL / _cGCL |
||
| 082 | 0 | 4 |
_a843.03 _bف س |
| 100 | 1 | _aمحمد محمد القصاص | |
| 245 | 1 | 0 |
_aسيد العالم / _cمحمد محمد القصاص |
| 700 | 1 | _aفيرن، جولى | |
| 700 | 1 | _aاحمد صفى الدين | |
| 300 | _a264 ص | ||
| 490 |
_aالالف كتاب _v0 |
||
| 650 | 0 | 4 | _aالادب الفرنسى المترجم |
| 650 | 0 | 4 | _aالقصص الفرنسية المترجمة |
| 942 |
_2ddc _cBK |
||
| 999 |
_c43192 _d43192 |
||